[Event "TUR Cup"]
[Site "Antalya"]
[Date "2020.01.29"]
[Round "5"]
[White "Gunebakan, Yunus Emre"]
[Black "Ekici, Kaan Muhammed"]
[Result "0-1"]
[WhiteElo "1402"]
[BlackElo "1738"]
[PlyCount "116"]
[EventDate "2020.01.26"]
[EventType "swiss"]
[EventRounds "11"]
[EventCountry "TUR"]
[SourceTitle "CBM 194 Extra"]
[Source "ChessBase"]
[SourceDate "2020.03.31"]
[SourceVersion "1"]
[SourceVersionDate "2020.03.31"]
[SourceQuality "1"]

1. e4 Nc6 2. Nf3 e5 3. Bc4 Nf6 4. d4 exd4 5. e5 d5 6. Bb5 Ne4 7. Bxc6+ bxc6 8. Nxd4 c5 9. Ne2 Bf5 10. 0-0 c6 11. Nd2 Nxd2 12. Bxd2 Be7 13. Ng3 Qd7 14. c3 Bd3 15. Re1 0-0 16. Bg5 c4 17. Bxe7 Qxe7 18. f4 f5 19. b4 a5 20. a3 axb4 21. axb4 c5 22. bxc5 Qxc5+ 23. Kh1 Rab8 24. Ne2 Qf2 25. Ra2 Be4 26. Rg1 Rb1 27. Qxb1 Bxb1 28. Rxb1 h5 29. Rab2 Ra8 30. e6 Kh7 31. h3 Qe3 32. Nd4 Qxc3 33. Nxf5 Qf6 34. g4 Qxe6 35. Rb7 Qe4+ 36. Kh2 Qxf4+ 37. Kh1 Qe4+ 38. Kg1 Rg8 39. Ne7 hxg4 40. Nxg8 Qe3+ 41. Kf1 Qxh3+ 42. Ke2 Qd3+ 43. Kf2 Qf3+ 44. Kg1 Kxg8 45. Re7 g3 46. Rxg7+ Kxg7 47. Rb7+ Qf7 48. Rxf7+ Kxf7 49. Kf1 c3 50. Kg1 c2 51. Kg2 c1Q 52. Kh3 g2 53. Kxg2 Qf4 54. Kh1 Qd2 55. Kg1 Kf6 56. Kf1 Kf5 57. Kg1 Kg4 58. Kh1 Kf3 0-1

[Event "TUR-chT 2nd League"]
[Site "Konya"]
[Date "2019.07.22"]
[Round "1.2"]
[White "Ekici, Kaan Muhammed"]
[Black "Ucucu, Salih"]
[Result "1-0"]
[WhiteElo "1744"]
[BlackElo "1819"]
[PlyCount "81"]
[EventDate "2019.07.22"]
[EventType "team-swiss"]
[EventRounds "9"]
[EventCountry "TUR"]
[SourceTitle "CBM 191 Extra"]
[Source "ChessBase"]
[SourceDate "2019.09.30"]
[SourceVersion "1"]
[SourceVersionDate "2019.09.30"]
[SourceQuality "1"]
[WhiteTeam "Karaman Yunus Ortaokulu"]
[BlackTeam "Beyazkale Satranc Evi"]
[WhiteTeamCountry "TUR"]
[BlackTeamCountry "TUR"]

1. e4 e5 2. Nf3 Nc6 3. Bb5 g6 4. 0-0 Bg7 5. c3 Nge7 6. d4 exd4 7. cxd4 a6 8. Ba4 b5 9. Bb3 0-0 10. Re1 d6 11. a3 Bg4 12. Be3 d5 13. exd5 Nxd5 14. Nc3 Nxc3 15. bxc3 Na5 16. Ba2 c5 17. h3 Bxf3 18. Qxf3 c4 19. Bb1 Nb3 20. Ra2 Re8 21. Rae2 Ra7 22. Bc2 a5 23. Qc6 Qd7 24. Be4 Re6 25. Qd5 Qxd5 26. Bxd5 Rd6 27. Bf4 Re6 28. Bxe6 fxe6 29. Rxe6 b4 30. axb4 axb4 31. cxb4 Nxd4 32. Re7 Rxe7 33. Rxe7 Bf6 34. Re4 c3 35. Kf1 Nb3 36. Rc4 g5 37. Be3 Kf7 38. Ke2 Ke6 39. Rc6+ Kf5 40. Rxf6+ Kxf6 41. Kd3 1-0

[Event "Antalya op"]
[Site "Antalya"]
[Date "2011.01.08"]
[Round "1"]
[White "Ekici, Kaan Muhammed"]
[Black "Burcu, Cagatay"]
[Result "0-1"]
[WhiteElo "1670"]
[BlackElo "1887"]
[PlyCount "52"]
[EventDate "2011.01.08"]
[EventType "swiss"]
[EventRounds "9"]
[EventCountry "TUR"]
[SourceTitle "EXT 2012"]
[Source "ChessBase"]
[SourceDate "2011.11.24"]
[SourceVersion "1"]
[SourceVersionDate "2011.11.24"]
[SourceQuality "1"]

1. d4 Nf6 2. c4 e6 3. Nc3 d5 4. Bg5 Nbd7 5. e3 c6 6. Nf3 Qa5 7. Bxf6 Nxf6 8. Nd2 Bd6 9. Bd3 0-0 10. 0-0 e5 11. c5 Bb8 12. f3 Qc7 13. g3 h5 14. dxe5 Qxe5 15. Qe2 Re8 16. Rfe1 h4 17. f4 Qe7 18. b4 Bg4 19. Qf2 hxg3 20. hxg3 a5 21. e4 d4 22. Qxd4 Rd8 23. Qe3 axb4 24. Nd1 Bxd1 25. Rexd1 Ng4 26. Qf3 Qxc5+ 0-1